Acteurs québécois - Statistiques

Statistiques générales
  • Ce quiz a été pris 227 fois
  • Le résultat moyen est 25 sur 97
Statistiques - réponses
Réponse % Correct
Gildor Roy
57%
Claude Legault
55%
Michel Côté
48%
Roy Dupuis
48%
Patrick Huard
47%
Alexis Martin
44%
Marc Labrèche
44%
Michel Charette
40%
Rémy Girard
40%
Antoine Olivier Pilon
38%
Frédéric Pierre
38%
Guy Jodoin
38%
Antoine Bertrand
37%
Luc Picard
37%
Marc Messier
37%
Patrice Robitaille
37%
Antoine Pilon
36%
Pier-Luc Funk
36%
Sébastien Delorme
36%
Claude Meunier
33%
Martin Matte
33%
Normand D'Amour
33%
Pierre-François Legendre
33%
Vincent Guillaume Otis
33%
Réal Bossé
32%
Yves Jacques
32%
Daniel Brière
31%
Germain Houde
31%
Guillaume Lemay-Thivierge
31%
Benoit Brière
30%
Emmanuel Bilodeau
30%
Raymond Bouchard
30%
Émile Proulx-Cloutier
29%
Fabien Cloutier
29%
Didier Lucien
27%
Éric Bruneau
27%
Raymond Cloutier
27%
Christian Bégin
26%
Guy Nadon
26%
Jean-Nicolas Verreault
26%
Patrick Labbé
26%
Stéphane Crête
26%
Éric Bernier
25%
François Papineau
25%
Julien Poulin
25%
Patrice L'Écuyer
25%
Pierre Curzi
25%
Pierre Lebeau
25%
Rémi-Pierre Paquin
25%
François Chénier
24%
François Létourneau
24%
Sylvain Marcel
24%
Luc Senay
23%
Marc-André Grondin
23%
Normand Chouinard
23%
Gabriel Sabourin
22%
Gilles Latulippe
22%
Gilles Renaud
22%
Paul Doucet
22%
Michel Dumont
21%
Serge Postigo
21%
David Savard
20%
Denis Bernard
20%
Mathieu Baron
20%
Vincent Graton
20%
Antoine Vézina
19%
Gilbert Sicotte
19%
James Hyndman
19%
Martin Drainville
19%
Vincent Leclerc
19%
Alexandre Goyette
18%
Luc Guérin
18%
Marc Beaupré
18%
Benoit McGinnis
16%
Jean-Pierre Masson
16%
Patrick Hivon
16%
Claude Blanchard
15%
Guillaume Cyr
15%
Jean-François Pichette
15%
Jeff Boudreault
15%
Normand Daneau
15%
Stéphane Demers
15%
David La Haye
14%
Henri Chassé
14%
Marc Béland
14%
Pierre-Yves Cardinal
14%
Alexandre Landry
13%
David Boutin
13%
Hugo Dubé
13%
Louis Champagne
13%
Maxim Gaudette
13%
Robin Aubert
13%
Roger Léger
13%
Sébastien Ricard
12%
Steve Laplante
12%
Widemir Normil
12%
Patrick Drolet
10%
Aucun quiz correspondant
Distribution des résultats
% des personnes avec chaque résultat
Percentile par nombre de réponses
Votre historique - résultats
Vous n’avez pas pris ce quiz